Kruopštus darbas apie Lietuvos gyventojus

Titel: Kruopštus darbas apie Lietuvos gyventojus
Verfasser:
In: Geografijos metraštis, Band 32 (1999), Seite 405-407
alle Artikel anzeigen
Veröffentlicht: 1999
Format: Aufsatz
Sprache: Litauisch
Kein Bild verfügbar
X
alg: 39474571
001A    $01999:12-11-16 
001B    $01999:03-08-21 $t21:01:07.000 
001C    $06050:19-11-16 $t09:31:06.000 
001D    $01999:12-11-16 
001U    $0utf8 
001X    $00 
002@    $0Aox 
003@    $039474571X 
007A    $039474571X $aHEB 
007T    $0Herdc0075107m 
010@    $alit 
011@    $a1999 
021A    $aKruopštus darbas apie Lietuvos gyventojus 
028A    $aStanaitis $dAlgirdas 
031A    $d32 $h405-407 $j1999 
039B    $aIn $8--Abvc--. Geografijos metraštis. - Vilnius : Akad., 1981-. - ISSN 0132-3156 $x199900000320000595 $9048472980 
039T    $8--Aau--Eberhardt, Piotr$Z1935- [Tp1]. Przemiany narodowościowe na Litwie. - Warszawa : Przegla̜d Wschodni, 1997. - 307 S.. - graph. Darst.. - ISBN 83-909013-0-7 $9058877312 
045F    $a900.94793 $eDDC23BSB 
045F/01 $a900 
045F/03 $g4793 
045F/03 $g438 
045T    $a14 

lok: 39474571 78

exp: 39474571 78 1 #EPN
201B/01 $018-11-16 $t12:35:59.000 
201U/01 $0utf8 
203@/01 $0791044327 
208@/01 $a12-11-16 $be 
209A/01 $a/ $f000 $x00 
220C/01 $aTitelaufnehmer: pg;it 
220C/01 $aHerkunft: LII Vilnius / Irena Tumelytė 
220C/01 $aAnmerkung: Stanaitis A. Kruopštus darbas apie Lietuvos gyventojus, Geogr. metraštis, 1999, t. 32, p. 405-407 
244Z/01 $2Trx $#Poola $#Lenkija $#Polija $#Polen Land $#Poland $#Lengyelország $#Poľsko $#Polsko $8--Trx--Polska$gkraj $x01 $9391345966 
244Z/01 $2Trx $#Litauen $#Lithuania $#Litwa $#Litva $#Litva $8--Trx--Lietuva $x02 $9391193457 
244Z/01 $2Trx $#arvustused $#recenzijos $#Reviews $#recenziók $#recenzje $#recenzie $#recenze $8--Trx--Rezensionen $x03 $9391357441 
247C/01 $82080>Marburg/Lahn, Herder-Institut, Forschungsbibliothek, Bibliographieportal $9336309341
LEADER 00000caa a22000002c 4500
001 39474571X
003 DE-603
005 20210803210107.0
007 tu
008 161112s1999 xx |||| | u00||u|lit c
035 |a (DE-599)HEB39474571X 
040 |a DE-603  |b ger  |c DE-603  |d DE-603 
041 |a lit 
082 0 4 |8 1\u  |a 900.94793  |q DE-101  |2 23/BSB 
084 |a 14  |2 ssgn 
085 |8 1\u  |b 900 
085 |8 1\u  |z 2  |s 4793 
085 |8 1\u  |z 2  |s 438 
100 1 |a Stanaitis, Algirdas 
245 0 0 |a Kruopštus darbas apie Lietuvos gyventojus 
264 0 |c 1999 
773 0 8 |i In  |t Geografijos metraštis  |d Vilnius : Akad., 1981-  |x 0132-3156  |g Band 32 (1999), Seite 405-407  |w (DE-603)048472980  |w (DE-600)990309-4 
787 0 8 |i Rezension von  |a Eberhardt, Piotr, 1935-  |t Przemiany narodowościowe na Litwie  |d Warszawa : Przegla̜d Wschodni, 1997  |h 307 S., graph. Darst.  |z 8390901307  |w (DE-603)058877312 
924 0 |9 2080  |a (DE-603)791044327  |b DE-2080  |c HES  |d d  |g /